| 000 | 00942 a2200445 4500 | ||
|---|---|---|---|
| 000 | BKB | ||
| 001 | 071324 | ||
| 005 | 20200902150951.0 | ||
| 008 | |||
| 010 | _a | ||
| 020 | _a | ||
| 082 |
_a515.352 _bP94P |
||
| 100 | 1 | _aProgress in holomorphic dynamics | |
| 110 | _a | ||
| 245 | 1 |
_aProgress in holomorphic dynamics _cedited by Hartje Kriete |
|
| 250 | _a | ||
| 260 |
_aEngland _bLongman _c1998 |
||
| 300 | _a185p. | ||
| 490 |
_a _v |
||
| 500 | _a | ||
| 600 | _a | ||
| 610 | _a | ||
| 611 | _a | ||
| 630 | _a | ||
| 650 | _a | ||
| 651 | _a | ||
| 654 | _a | ||
| 690 | _aSiegel domains; Differentiable dynamical systems; Holomorphic functions | ||
| 700 |
_aKriete, Hartje, ed. _b _c |
||
| 710 |
_a _b _c |
||
| 711 | _a | ||
| 720 | _a | ||
| 730 | _a | ||
| 740 | _a | ||
| 752 | _a | ||
| 856 |
_a _d _f |
||
| 904 | _a | ||
| 964 |
_a _b _c _d _e _f _g |
||
| 965 | _a | ||
| 999 |
_c4638 _d4638 |
||